Statistiques concernant Brazilian footballer

Cliquez ici pour prendre le quiz!

Statistiques générales

  • Ce quiz a été pris 79 fois
  • Le résultat moyen est 12 sur 16

Statistiques - réponses

Réponse% Correct
Neymar
99%
Ronaldinho
97%
Kaka
93%
pele
92%
ronaldo
92%
vinicius
88%
alisson
85%
thiago silva
85%
marquinhos
84%
roberto carlos
84%
ederson
83%
paqueta
76%
richarlison
75%
raphinha
71%
countinho
11%
zagallo
11%

Distribution des résultats

Percentile par nombre de réponses

% des personnes avec chaque résultat

Votre développement - résultats

Vous n’avez pas pris ce quiz